| 000 | 00783nam a22002297a 4500 | ||
|---|---|---|---|
| 005 | 20170124110244.0 | ||
| 010 | _a357082 | ||
| 020 | _c00.00 | ||
| 035 | _a357082 | ||
| 037 | _bCen Lib/Ret | ||
| 040 |
_aDPL _bEN |
||
| 082 |
_a020 _bSRI |
||
| 100 |
_aSrivastava, Anand P _917505 |
||
| 245 |
_aRanganathan, a pattern maker : _cby Anand P Srivastava _ba syndetic study of his contributions / |
||
| 260 |
_aNew Delhi _bMetropolitan Book Company _c1977 |
||
| 270 |
_bNew Delhi _a1, Netaji Subhash Marg _e110002 |
||
| 300 |
_axvi,133p. _c20cm(Hb) |
||
| 500 | _aIncludes bibliographical references | ||
| 650 |
_aLibrary science -- Philosophy. _996976 |
||
| 650 |
_aRanganathan, S. R. -- (Shiyali Ramamrita), -- 1892-1972. _941714 |
||
| 942 |
_2ddc _cEN _h020 _mSRI |
||
| 999 |
_c135421 _d135421 |
||